| 000 | 00596nam a2200169Ia 4500 | ||
|---|---|---|---|
| 008 | 230718s9999 xx 000 0 und d | ||
| 020 | _a9789350232422 | ||
| 041 | _aeng | ||
| 082 |
_a005.13'3 _bSAL |
||
| 100 | _aSalter D. | ||
| 245 |
_aBuilding SOA-Based Composite Applications Using NetBeans IDE 6 _bDesign,Build ,Test And Debug Service-Oriented Applications With Ease Using XML,BPEL And Java Web Services |
||
| 260 |
_c2011 _bPackt Pub. |
||
| 300 | _a281 | ||
| 365 |
_cRs. _b375.00 |
||
| 700 |
_aSalter D. & Jennings F. _9191851 |
||
| 906 |
_dO:0158028-Feb-2011B:703803-Feb-2011 _cCOMP _b93.75 |
||
| 999 |
_c327346 _d327346 |
||